000
00510nam a2200181Ia 4500
008
090124s9999 xx 000 0 und d
082
_b
120283
100
_a
राजाध्यक्ष विजया
245
_a
अधांतर
250
_a
1
260
_c
1984
300
_a
205
600
_a
राजाध्यक्ष विजया
630
_a
अधांतर
700
_a
राजाध्यक्ष विजया
730
_a
अधांतर
942
_c
BOOK
999
_c
166369
_d
166369